Hotel and catering management (Record no. 312849)

MARC details
000 -LEADER
fixed length control field 00514 a2200193 4500
005 - DATE & TIME
control field 20240627154815.0
008 - FIXED-LENGTH DATA ELEMENTS--GENERAL INFORMATION
fixed length control field 240627b |||||||| |||| 00| 0 eng d
020 ## - ISBN
International Standard Book Number 9788119391714
Price Rs. 1800.00
040 ## - CATALOGING SOURCE
Original cataloging agency VIVEKANANDA LIBRARY
082 ## - DDC NUMBER
Classification number 642.4
Book Number S64H
100 ## - MAIN ENTRY--PERSONAL NAME
Personal name Singh, S K
245 ## - TITLE STATEMENT
Title Hotel and catering management
260 ## - PUBLICATION, DISTRIBUTION, ETC. (IMPRINT)
Name of publisher, distributor, etc Asia Publishers and Distributors
Date of publication, distribution, etc 2023
Place of publication, distribution, etc New Delhi
300 ## - PHYSICAL DESCRIPTION
Pages ix, 264
650 ## - Subject
Subject Food Technology
650 ## - Subject
Subject Catering Management
650 ## - Subject
Subject Hotel Management
942 ## - ADDED ENTRY ELEMENTS (KOHA)
Koha item type Books
Holdings
Withdrawn status Lost status Source of classification or shelving scheme Damaged status Not for loan Location (home branch) Sublocation or collection (holding branch) Shelving location Date acquired Koha issues (times borrowed) Koha full call number Accession No. Koha date last seen Koha item type
    Dewey Decimal Classification     VIVEKANANDA LIBRARY VIVEKANANDA LIBRARY IHTM Library 13/03/2024   642.4 S64H 425055 13/03/2024 Books
© Designed and Maintained by Vivekananda Library, MDU Rohtak